000 nam a22 a 4500
999 _c2847
_d2847
005 20170518114847.0
008 170518s1988 us ||||| |||| 00| 0 eng d
020 _a 025605665X
040 _aAKMAL
082 _a657.8333 KAP
090 _a657.8333
_bKAP
100 1 _aKapoor, Jack R.,
_d1937-
_96001
245 1 0 _aPersonal finance /
_b Jack R. Kapoor, Les R. Dlabay, Robert J. Hughes.
260 _aHomewood, Ill. :
_bIrwin,
_c1988.
300 _axxiii, 691, 30, 15 p. :
_b ill. (some col.) ;
_c24cm
504 _aIncludes bibliographies and index.
650 0 _aFinance, Personal.
_9336
700 1 _aDlabay, Les R.
_96002
700 1 _aHughes, Robert James,
_d1946-
_96003
942 _2ddc
_cBOOK